complete o alfabeto fonético da OTAN - Statistics

Estatísticas Gerais
  • Esse quiz foi jogado 22 vezes
  • A pontuação média é 10 de 26
Estatísticas das Respostas
Hint Resposta % Correto
A alfa
100%
B bravo
85%
C charlie
85%
D delta
85%
E echo
62%
F foxtrot
54%
H hotel
46%
I india
46%
G golf
38%
L lima
38%
O oscar
31%
X x-ray
31%
Z zulu
31%
J juliet
23%
K kilo
23%
P papa
23%
Q quebec
23%
R romeo
23%
T tango
23%
W whiskey
23%
M mike
15%
S sierra
15%
Y yankee
15%
N novembro
8%
U uniforme
8%
V victor
8%
Nenhum quiz correspondente encontrado
Distribuição das Pontuações
Porcentagem de Pessoas com Cada Pontuação
Percentil de Números Respondidos
Sua Pontuação Histórica
Você não jogou esse quiz